| 000 | 01106cam a22003737a 4500 | ||
|---|---|---|---|
| 001 | 001910 | ||
| 003 | armpunfd | ||
| 005 | 20140612090653.0 | ||
| 008 | 060331e0####xx#a##########000#0#und#d | ||
| 040 |
_aarmpunfd _carmpunfd |
||
| 080 | _a347.6 D 444 | ||
| 100 | 1 | 0 | _a Grosman, Cecilia P. ( Directora) |
| 245 | 1 | 0 | _aDerecho de familia : revista interdisciplinaria de doctrina y jurisprudencia |
| 260 | _a Buenos Aires : Lexisnexis. | ||
| 650 | 7 |
_a Adopcion _2LEMB |
|
| 650 | 7 |
_a Convivencia _2LEMB |
|
| 650 | 7 |
_a Derecho De Familia _2LEMB |
|
| 650 | 7 |
_a Derecho Internacional _2LEMB |
|
| 650 | 7 |
_a Familia _2LEMB |
|
| 942 |
_c _2cdu |
||
| 945 |
_aCatalis _d2010-08-19 |
||
| 945 |
_aCatalis _d2010-08-19 |
||
| 945 |
_aCatalis _d2010-08-19 |
||
| 945 |
_aCatalis _d2010-08-19 |
||
| 945 |
_aCatalis _d2010-08-19 |
||
| 945 |
_aCatalis _d2010-08-19 |
||
| 945 |
_aCatalis _d2010-08-19 |
||
| 945 |
_aCatalis _d2010-08-19 |
||
| 945 |
_aCatalis _d2010-08-19 |
||
| 945 |
_aCatalis _d2010-08-19 |
||
| 945 |
_aCatalis _d2010-08-19 |
||
| 945 |
_aCatalis _d2010-08-19 |
||
| 945 |
_aCatalis _d2010-08-19 |
||
| 999 |
_c1901 _d232405 |
||